El control de la oferta. La reactivación de la economía mediante estímulos gubernamentales a la producción

Gespeichert in:
Bibliographische Detailangaben
1. Verfasser: Raboy, David G (VerfasserIn)
Format: Buch
Sprache:Spanisch
Veröffentlicht: Ciudad de México EDAMEX 1984
Schriftenreihe:Economía de la Oferta
Schlagworte:
Tags: Tag hinzufügen
Keine Tags, Fügen Sie den ersten Tag hinzu!

MARC

LEADER 00000nam a2200000 a 4500
001 UCR7602
003 CL-VaPUC
008 980519e19840000MX |||||||||||||||||spa|d
082 0 4 |a 330.1  |b RAB  |2 21 
100 0 |a Raboy, David G  |e author  |9 408918 
245 1 3 |a El control de la oferta. La reactivación de la economía mediante estímulos gubernamentales a la producción 
300 |a 217 p 
942 |c BK 
945 |d 19980519 00:00:00  |a crobeson 
260 |a Ciudad de México  |b EDAMEX  |c 1984 
650 0 |a Economía   |9 255568 
650 0 |a Teoría económica  |9 315055 
650 0 |a Oferta y demanda  |9 255571 
650 0 |a Producción   |9 263680 
583 |a last modification  |c 19980519 00:00:00  |k Rodrigo Vera 
490 0 |a Economía de la Oferta 
999 |c 269193  |d 269191 
952 |0 0  |1 0  |4 0  |6 330_100000000000000_RAB_1984  |7 0  |8 A  |9 302875  |a BIBENE  |b BIBENE  |d 2019-11-20  |i 1995588  |o 330.1 RAB 1984  |p 1995588  |r 2025-01-15  |w 2019-11-20  |y BK  |k ICO